000 00363nam a2200145Ia 4500
008 230917s9999||||xx |||||||||||||| ||und||
040 _e102052
_aMAIN
041 _aEnglish
082 _a658.4 -D869M
100 _aDuening Thomas N
245 0 _aManagement principles and guidelines
260 _aNew Delhi
_bBizantra
_c2003
300 _a528p p.
942 _cBK
999 _c109682
_d109682